00435 2200169 4500001002100000008004100021035002000062245004500082100001600127110001700143260003000160300001200190020002200202084001400224082000800238990001900246INLIS000000000001342 ind  a0010-0724001342 aRumput Laut, Rumput HarapancEdi Warsidi aEdi Warsidi aWarsidi, Edi aBekasibMitra Utamac2009 a58 hlm. a978-979-17609-1-1 a639 EDI r a639 aP29/CP/24/1342